000 00706nam a2200241 a 4500
001 21885
003 BD-RjUL
005 20211209000736.0
008 140305s1962 ii 001 0 eng
035 _a(BD-RjUL)21950
040 _aRIU
_dEQO
_beng
_cBD-RjUL
041 _aeng
082 _a891.4409
_bDEB 1962
_223
100 1 _aDe, Sushil Kumar.
_967422
245 1 0 _aBengali literature in the nineteenth century, 1757-1857 /
_cSushil Kumar De
250 _a2nd ed.
260 _aCalcutta :
_bFirma K.L. Mukhopadhyay,
_c1962
300 _aviii, 650 p. ;
_c23cm
500 _aInclude index
650 0 _aBengali literature
_xHistory and criticism
_966403
942 _2ddc
_cBK
999 _c21885
_d21885